000
00214nam a22000857a 4500
008
161129b xxu||||| |||| 00| 0 eng d
100
_9
1578
_a
Raj.P.V.
245
_a
Speak in Style
260
_a
Jharkhand
_b
Usha Paulraj
_c
2005
999
_c
4308
_d
4308